FILOSOFIA DE LAS CIENCIAS HUMANAS Y SOCIALES : (Registro nro. 57529)
[ vista simple ]
| 000 -LEADER | |
|---|---|
| fixed length control field | 01066nam a2200205 a 4500 |
| 001 - CONTROL NUMBER | |
| control field | 57529 |
| 005 - DATE AND TIME OF LATEST TRANSACTION | |
| control field | 20180714053743.0 |
| 008 - FIXED-LENGTH DATA ELEMENTS--GENERAL INFORMATION | |
| fixed length control field | 140415s1994 mx 000 0 spa d |
| 020 ## - INTERNATIONAL STANDARD BOOK NUMBER | |
| International Standard Book Number | 9684760175 |
| 041 ## - LANGUAGE CODE | |
| Language code of text/sound track or separate title | spa |
| 082 ## - DEWEY DECIMAL CLASSIFICATION NUMBER | |
| Classification number | 300.1 |
| Item number | MAR |
| 100 1# - MAIN ENTRY--PERSONAL NAME | |
| Personal name | MARDONES, J. M. |
| 245 10 - TITLE STATEMENT | |
| Title | FILOSOFIA DE LAS CIENCIAS HUMANAS Y SOCIALES : |
| Remainder of title | MATERIALES PARA UNA FUNDAMENTACION CIENTIFICA |
| 250 ## - EDITION STATEMENT | |
| Edition statement | 1a ed. |
| 260 ## - PUBLICATION, DISTRIBUTION, ETC. | |
| Place of publication, distribution, etc. | MEXICO : |
| Name of publisher, distributor, etc. | FONTAMARA, |
| Date of publication, distribution, etc. | 1994 |
| 300 ## - PHYSICAL DESCRIPTION | |
| Extent | 243 |
| Dimensions | 13 x 1.3 x 20.9 |
| 490 ## - SERIES STATEMENT | |
| Series statement | BREVIARIOS DEL FONDO DE CULTURA ECONOMICA |
| 520 ## - SUMMARY, ETC. | |
| Summary, etc. | EL PRESENTE LIBRO TRATA SOBRE LA FILOSOFIA DE LAS CIENCIAS HUMANAS Y SOCIALES. EL LIBRO PRETENDE , ADEMAS , RESPONDER A UNA CUESTION FUNDAMENTAL Y CANDENTE : ¿SON CIENCIAS LAS DISCIPLINAS HUMANAS Y SOCIALES? SI LO SON, ¿QUE CLASE DE CIENCIAS SON?. LOS AUTORES DE LA SELECCION OFRECEN LAS DISTINTAS RESPUESTAS A ESTAS CUESTIONES DESDE DISTINTOS CAMPOS DEL PENSAMIENTO. |
| 650 14 - SUBJECT ADDED ENTRY--TOPICAL TERM | |
| Topical term or geographic name entry element | CIENCIAS SOCIALES |
| General subdivision | METODOLOGIA |
| -- | EPISTEMOLOGIA |
| -- | FILOSOFIA DE LA CIENCIA |
| -- | HUMANIDADES |
| -- | CIENCIAS SOCIALES |
| -- | TEORIA |
| Withdrawn status | Lost status | Source of classification or shelving scheme | Damaged status | Not for loan | Collection code | Home library | Current library | Shelving location | Date acquired | Source of acquisition | Inventory number | Total Checkouts | Full call number | Barcode | Date last seen | Date last checked out | Price effective from | Koha item type |
|---|---|---|---|---|---|---|---|---|---|---|---|---|---|---|---|---|---|---|
| Dewey Decimal Classification | General | Biblioteca Karol Wojtyla | Biblioteca Karol Wojtyla | Sala general | 03/12/2013 | Compra | 151000000000000000058321 | 1 | 300.1 MAR | 86988 | 05/01/2026 | 13/02/2025 | 03/12/2013 | Libro |